| 000 | 00504ntaaa2200193 4500 | ||
|---|---|---|---|
| 003 | 01 | ||
| 005 | 20251027201639.0 | ||
| 008 | 0714s1973 ag 01 | ||
| 020 | _a9500730030 | ||
| 040 |
_aAR-BaBN _bspa _cAR-BaBN _eaacr _dRIC |
||
| 082 | _a232.0000 W58v | ||
| 100 | _aWhite, Elena G de | ||
| 245 | _aVida de Jesús | ||
| 250 | _a1 ed. | ||
| 260 |
_aBuenos Aires : _bAsociación Casa Editora Sudamericana, _c1982 |
||
| 300 |
_a251 p ; _cilu.; 23 cm |
||
| 650 |
_aJesucristo, vida de _95253 |
||
| 942 | _cBK | ||
| 999 |
_c11175 _d11175 |
||